Top 15 des capitanats en équipe de france de Rugby (XV) - Statistiques

Statistiques générales
  • Ce quiz a été pris 43 fois
  • Le résultat moyen est 8 sur 16
Statistiques - réponses
Rang Poste Période sélection Capes Nombre de capitanat Joueur % Correct
7 mêlée / ouverture 2017- en cours 59 27 Antoine Dupont
92%
1 3ème ligne 2006-2015 80 56 Thierry Dusautoir
90%
15 3ème ligne 2014- en cours 46 17 Charles Ollivon
77%
2 2ème ligne 1995-2007 118 42 Fabien Pelous
74%
6 1ère ligne 2008-2019 74 33 Guilhem Guirado
74%
15 arrière 1980-1991 93 17 Serge Blanco
67%
3 1ère ligne 1996-2007 98 41 Raphaël Ibañez
64%
8 mêlée 1991-2003 64 25 Fabien Galthié
54%
4 3ème ligne 1975-1984 59 34 Jean-Pierre Rives
54%
4 trois-quart 1990-1997 69 34 Philippe Saint-André
46%
12 mêlée 1972-1977 27 21 Jacques Fouroux
23%
8 1ère ligne 1979-1988 33 25 Daniel Dubroca
18%
11 3ème ligne 1957-1966 63 22 Michel Crauste
13%
13 3ème ligne 1956-1961 31 18 François Moncla
8%
13 3ème ligne 1966-1971 27 18 Christian Carrère
5%
10 3ème ligne 1945-1952 33 24 Guy Basquet
5%
Aucun quiz correspondant
Distribution des résultats
% des personnes avec chaque résultat
Percentile par nombre de réponses
Votre historique - résultats
Vous n’avez pas pris ce quiz